000 00441nam a22001697a 4500
005 20260413122233.0
008 160627b xxu||||| |||| 00| 0 eng d
020 _a81-229-0172-7
041 _aeng
082 _a070.4
100 _a Judith M. Buddenbaum
_98979
245 _aReporting News about Religion: An Introduction for Journalists
260 _bSurjeet
_c2004
300 _a213
650 _aMass Communication
_92660
942 _cBK
999 _c4181
_d4180